| 000 | 00610nam a2200193Ia 4500 | ||
|---|---|---|---|
| 003 | LDD | ||
| 008 | 190117s9999 xx 000 0 und d | ||
| 020 |
_a8171780407 _c₹45 |
||
| 040 | _cLDD | ||
| 041 | _ahi | ||
| 082 | _a8h3.7 ना1601बा | ||
| 100 | _aनागार्जुन | ||
| 245 | 0 |
_aबाबा बटेसरनाथ _cनागार्जुन |
|
| 260 |
_aनई दिल्ली _bराजकमल _c1989 |
||
| 300 | _a157 | ||
| 901 | _aHBC | ||
| 904 | _aReqst by : आशा एस कंवर | ||
| 942 |
_2ddc _cH |
||
| 999 |
_c162276 _d162276 |
||